000 01640nam0a2200337 i 4500
001 RU\NLR\bibl\1913898
005 20260405110624.0
010 _a9785431201110
_9300
021 _aRU
_b2012-38469
_92852
035 _a(nilc)RSL-KNO-005444951
035 _a(NLR Aleph) 001903417
090 _a3078526
_c3078526
100 _a20120604d2012 u y0rusy50 ca
101 0 _arus
102 _aRU
105 _aa |||||||||
200 1 _aРазвитие бизнес-процессов обеспечения производства нефтедобывающих предприятий
_eмонография
_fС. Б. Колесова, В. И. Некрасов
_gМ-во образования и науки РФ, ФГБОУ ВПО "Удмуртский гос. ун-т", Ин-т нефти и газа им. М. С. Гуцериева
210 _aИжевск
_cУдмуртский ун-т
_d2012
215 _a168 с.
_cил., табл.
_d20
320 _aБиблиогр.: с. 148-157
606 1 _aНефтяная промышленность
_xПредпринимательство
_yРоссийская Федерация
_92214773
_3RU\NLR\auth\661330272
686 _aУ9(2)305.652.511-210.3,0
_2rubbk
686 _aУ30(2)565.2-13(2Р)
700 1 _aКолесова
_bС. Б.
_gСветлана Борисовна
_4070
701 1 _4070
_8rus
_7ca
_aНекрасов
_bВ. И.
_cнефтяник
_f1957-
_gВладимир Иванович
_3RU\NLR\auth\7741765
_924713
801 0 _aRU
_bRuMoRKP
_c20120604
_grcr
801 1 _aRU
_bРГБ
_c20120604
801 2 _aRU
_bNLR
_c20120613
_grcr
942 _cBOOK
980 _aNBR